000 00683nam a22001937a 4500
005 20251108170919.0
008 250721s1994 xx 000 0 ara d
082 1 4 _a301.421095651/مجد
100 1 _aخيري، مجد الدين عمر
245 1 0 _aالأسرة و الأقارب :
_bدراسة ميدانية على عينه من مدينة عمان /
250 _aط2 .، منقحة
264 1 _aعمان :
_bالجامعة الأردنية - عمادة البحث العلمي،
_c1994.
300 _a120ص
490 0 _aمنشورات الجامعة الأردنية ؛ 4
650 1 7 _aالأسرة
650 1 7 _aالأردن
942 _2ddc
_cBK
999 _c52005
_d52005